Responses for Show #6910 - Friday, October 3, 2014

Contestants

[<< previous game]

Dan Ford, an engineer from Cincinnati, Ohio

Sam Barker, a labor relations analyst from Carlisle, Pennsylvania

Shawn Choe, an attorney from New York, New York (whose 1-day cash winnings total $7,200)

[next game >>]

Jeopardy! Round responses

HOLIDAY
MASSACHUSETTS
NIGHTS ON BROADWAY
YOU SHOULD BE DANCING
STAYIN' ALIVE
THE "B.G."'s
    $200 19
(Dan: What are mattresses?)
(Sam: What are brushes?)

cars

ShawnSamDan
    $200 24
the Mayflower

Dan
    $200 3
The Miracle Worker

Shawn
    $200 11
ballet

Sam
    $200 16
Van Gogh

Sam
    $200 1
Barry Gibb

Sam
    $400 20
Yom Kippur

Shawn
    $400 25
the Charles

Dan
    $400 5
Carole King

Dan
    $400 12
the Moonwalk

Dan
    $400 17
Strom Thurmond

Sam
    $400 2
board games

Dan
    $600 21
(Shawn: What is the Winter Solstice?)

Labor Day

Shawn
Triple Stumper
    $600 26
Quincy

Triple Stumper
    $1,400 6
(Dan: What is Sundays In The Park With George?)
(Alex: No. "What is [*]?" Not "Sundays".)

Sunday In The Park With George

Dan
    $600 13
the tango

Sam
    $600 18
San Marino

Dan
    $600 4
(Shawn: What is a batting glove?)
...
(Alex: Batting glove and [*] are different.)

a baseball glove

ShawnDan
    $800 22
Halloween

Dan
    $800 27
(Shawn: Who is Deval?)
(Alex: We need more than that.)

Deval Patrick

ShawnDan
    $800 7
Pippin

Sam
    $800 14
(Sam: What is paso dobles?)
(Alex: Correct--no.)
...
(Alex: [*]. You threw an "S" in there and it cost you, Sam. Sorry about that.)

paso doble

SamDan
    $800 9
buon giorno

Shawn
    $1000 23
(Alex: All right, less than a minute to go, Dan.)

Prince Edward Island

Triple Stumper
    $1000 28
[The end-of-round signal sounds.]

Provincetown

Triple Stumper
    $1000 8
(Alex: You hear this expression a lot. [*].)

Six Degrees Of Separation

Triple Stumper
    $1000 15
the rhumba

Sam
    $1000 10
(Shawn: What is Bluegrass?)

Bowling Green

ShawnDan

Scores at the first commercial break (after clue 14):

Shawn Sam Dan
-$600 $1,000 $2,200

Scores at the end of the Jeopardy! Round:

Shawn Sam Dan
-$1,400 $2,400 $4,800

Double Jeopardy! Round responses

THAT'S NATIONALLY EPIC!
VOCABULARY
THE 20th CENTURY
"D" IN SCIENCE
LEGAL MATTERS
(Alex: And finally, we want you to name the movie with an animal in the title in...)
CINEMA ZOO
    $400 7
Sanskrit

Sam
    $400 12
15

Shawn
    $400 1
decibels

Dan
    $400 6
a docket

Sam
    $400 18
Kung Fu Panda

Dan
    $800 8
the Rhine

Sam
    $800 17
foosball

Dan
    $800 27
McGovern

Sam
    $800 2
dorsal fins

Shawn
    $800 13
moot court

Sam
    $800 19
Twelve Monkeys

Dan
    $1200 9
Iran

Triple Stumper
    $2,000 23
(Dan: Nope, no idea.)

Nimrod

Dan
    $1200 28
Che Guevara

Shawn
    $1200 3
(Dan: What is deoxyribo? What is deoxyribo...?)
(Alex: We need more than that.)

deoxyribonucleic acid

ShawnDan
    $1200 14
(John Paul) Stevens

Shawn
    $1200 20
(Dan: What is Old Dogs?)

Wild Hogs

Dan
Triple Stumper
    $1600 10
(Vasco) da Gama

Dan
    $1600 24
(Alex: [*] is the French for Sweden.)

suede

Triple Stumper
    $600 29
(Shawn: Who is Robert Kennedy?)
[The end-of-round signal sounds.]

Martin Luther King, Jr.

Shawn
    $1600 4
displacement

Shawn
    $1600 15
"innocent until proved guilty"

Shawn
    $1600 21
Fantastic Mr. Fox or Men Who Stare At Goats

Triple Stumper
    $2000 11
Wales

Sam
    $2000 25
cuneiform

Dan
    $2000 26
the Chicago Seven

Sam
    $2000 5
the doldrums

Shawn
    $2000 16
Justinian

Shawn
    $2000 22
Gorillas in the Mist

Triple Stumper

Scores at the end of the Double Jeopardy! Round:

Shawn Sam Dan
$10,000 $9,600 $6,400

[wagering suggestions for these scores]

Final Jeopardy! Round responses

TV IN THE 2000s
DanWhat is How I Met Your Mother
$4,000
SamWhat is The Family Guy?
$3,201
ShawnWhat is How I Met Your Mother?
$9,200
How I Met Your Mother

Final scores:

Shawn Sam Dan
$19,200 $6,399 $10,400
2-day champion: $26,400 3rd place: $1,000 2nd place: $2,000

Game dynamics:

Coryat scores:

Shawn Sam Dan
$10,600 $9,600 $9,800
13 R,
5 W
(including 1 DD)
14 R,
2 W
17 R,
5 W
(including 2 DDs)

Combined Coryat: $30,000

[game clues] [game scores] [suggest correction]

Game tape date: 2014-07-29
The J! Archive is created by fans, for fans. Scraping, republication, monetization, and malicious use prohibited; this site may use cookies and collect identifying information. See terms. The Jeopardy! game show and all elements thereof, including but not limited to copyright and trademark thereto, are the property of Jeopardy Productions, Inc. and are protected under law. This website is not affiliated with, sponsored by, or operated by Jeopardy Productions, Inc. Join the discussion at JBoard.tv.